Fr. Conceicao Rodrigues College of Engineering

GMAT prep plus 2019 (Record no. 21053)

MARC details
000 -LEADER
fixed length control field 00317nam a2200169Ia 4500
082 ## - DEWEY DECIMAL CLASSIFICATION NUMBER
Item number GMAT
100 ## - MAIN ENTRY--PERSONAL NAME
Personal name GMAT
245 ## - TITLE STATEMENT
Title GMAT prep plus 2019
260 ## - PUBLICATION, DISTRIBUTION, ETC.
Name of publisher, distributor, etc. Kaplan publishers
Date of publication, distribution, etc. 2018
366 ## - TRADE AVAILABILITY INFORMATION
Publishers's discount category 25
300 ## - PHYSICAL DESCRIPTION
Extent 1169
546 ## - LANGUAGE NOTE
Language note ENGLISH
650 ## - SUBJECT ADDED ENTRY--TOPICAL TERM
Topical term or geographic name entry element GMAT
654 ## - SUBJECT ADDED ENTRY--FACETED TOPICAL TERMS
Focus term GMAT
942 ## - ADDED ENTRY ELEMENTS (KOHA)
Koha item type BOOK
Holdings
Withdrawn status Lost status Damaged status Not for loan Collection Home library Current library Date acquired Source of acquisition Cost, normal purchase price Inventory number Total Checkouts Full call number Barcode Date last seen Cost, replacement price Price effective from Koha item type
        CRC Fr. Agnel's C.Rodrigues College of Engineering Fr. Agnel's C.Rodrigues College of Engineering 17/03/2023 Shroff Publishers 1499.25 04623 dt 23.03.2019   GMAT 25631 17/03/2023 1999.00   BOOK